Carl Rogers Freedom To Learn For The 80`s (Record no. 22141)

MARC details
000 -LEADER
fixed length control field 00366nam a22001457a 4500
003 - CONTROL NUMBER IDENTIFIER
control field OSt
005 - DATE AND TIME OF LATEST TRANSACTION
control field 20211209164443.0
008 - FIXED-LENGTH DATA ELEMENTS--GENERAL INFORMATION
fixed length control field 211209b |||||||| |||| 00| 0 eng d
040 ## - CATALOGING SOURCE
Transcribing agency HU
082 ## - DEWEY DECIMAL CLASSIFICATION NUMBER
Classification number 370.15/23ROG 1983
100 ## - MAIN ENTRY--PERSONAL NAME
Personal name ROGERS CAEL.R
9 (RLIN) 22478
245 ## - TITLE STATEMENT
Title Carl Rogers Freedom To Learn For The 80`s
300 ## - PHYSICAL DESCRIPTION
Extent Viii312p
Other physical details pc
Dimensions 24cm
942 ## - ADDED ENTRY ELEMENTS (KOHA)
Source of classification or shelving scheme Dewey Decimal Classification
Koha item type Books like text book referance book
Suppress in OPAC No
Holdings
Withdrawn status Lost status Source of classification or shelving scheme Damaged status Not for loan Collection code Home library Current library Shelving location Date acquired Total Checkouts Full call number Barcode Date last seen Copy number Price effective from Koha item type
    Dewey Decimal Classification     Reference Wondo Genet Library Wondo Genet Library General Stacks 12/09/2021   370.15/23ROG 1983 WGCFNRL00007527 12/09/2021 1 12/09/2021 Books like text book referance book